Autour du water polo aux JO - Statistiques

Statistiques générales
  • Ce quiz a été pris 8 fois
    6 depuis la dernière actualisation
  • Le résultat moyen est 32 sur 117
Statistiques - réponses
Hint Réponse % Correct
Généralités Un pays est présent sur le podium pendant 12 éditions consécutives des jeux. Lequel ? Hongrie
100%
Combien de nations sont représentées lors du tournoi masculin en 1904 1
80%
Combien de nations sont représentées lors du tournoi masculin en 1956 10
80%
Combien de nations sont représentées lors du tournoi masculin en 1920 1976 à 2004 2012 à 2024 12
80%
Généralités En quelle année le water polo est pour la 1ère fois au programme ? 1900
80%
Combien de nations sont représentées lors du tournoi masculin en 1900 1908 4
80%
Combien de nations sont représentées lors du tournoi masculin en 1932 5
80%
Combien de nations sont représentées lors du tournoi masculin en 1912 6
80%
Combien de nations sont représentées lors du tournoi masculin en 1924 1964 13
60%
Combien de nations sont représentées lors du tournoi masculin en 1928 14
60%
Combien de nations sont représentées lors du tournoi masculin en 1936 1960 1968 1972 16
60%
Combien de nations sont représentées lors du tournoi masculin en 1948 18
60%
Généralités A partir de quelle année des sélections nationales remplacent des clubs ? 1908
60%
Combien de nations sont représentées lors du tournoi féminin en 2020 & 2024 10
40%
Combien de nations sont représentées lors du tournoi masculin en 1952 21
40%
Combien de nations sont représentées lors du tournoi féminin en 2000 6
40%
Combien de nations sont représentées lors du tournoi féminin en 2004 à 2016 8
40%
Quelle nation a gagné le tournoi féminin en 2000 Australie
40%
Citez une nation ayant participé (...) au tournoi masculin 19 fois Espagne
40%
Citez une nation ayant participé (...) au tournoi masculin 24 fois Etats-Unis | Hongrie
40%
Citez une nation ayant participé (...) au tournoi masculin 22 fois Italie
40%
Quelle nation a gagné le tournoi féminin en 2004 Italie
40%
Généralités Quels clubs représentent la France en 1900 ? Citez en un Pupilles de Neptune de Lille | Libellule de Paris
40%
Quelle nation a gagné le tournoi masculin en 1928 Allemagne
20%
Quel pays a terminé 2e du tournoi masculin lors de JO qui s'y déroulent ? (avant 1908 un pays peut occuper plusieurs places) 1er Hongrie - 3e Belgique Allemagne
20%
Citez une nation ayant participé (...) au tournoi masculin 17 fois Allemagne | Pays-Bas
20%
Citez une nation ayant participé (...) au tournoi masculin 18 fois Australie
20%
Quel pays a remporté le tournoi féminin lors de JO qui s'y déroulent ? 2e Etats-Unis - 3e Russie Australie
20%
Citez une nation ayant participé (...) au tournoi féminin 7 fois Australie | Etats-Unis
20%
Citez un pays n'ayant pas accédé aux quarts de finales dans le tournoi féminin des JO se déroulant chez lui Australie | Grèce | Japon | France
20%
Quel pays a terminé 2e du tournoi masculin lors de JO qui s'y déroulent ? (avant 1908 un pays peut occuper plusieurs places) 1er Royaume-Uni - 3e Suède Belgique
20%
Citez une nation ayant participé (...) au tournoi masculin 11 fois Belgique | Royaume-Uni
20%
Quelles sont les nations ayant remporté le plus de médailles de bronze ? Hommes et Femmes cumulés 2 médailles* Belgique | Suède | Serbie | Australie
20%
Quelle est la nationalité de ces sportifs ayant obtenu 3 médailles d'or George Wilkinson Britannique
20%
Quelle est la nationalité de ces sportifs ayant obtenu 3 médailles d'or Paul Radmilovic Britannique
20%
Quelle est la nationalité de ces sportifs ayant obtenu 3 médailles d'or Charles Sydney Smith Britannique
20%
Citez une nation ayant participé (...) au tournoi féminin 4 fois Chine | Canada | Pays-Bas | Espagne
20%
Citez une nation ayant participé (...) au tournoi masculin 3 fois Chine | Serbie & Monténégro | Russie | Autriche | Afrique-du-Sud
20%
Quelle nation a gagné le tournoi masculin en 2012 Croatie
20%
Quelle nation a gagné le tournoi masculin en 1996 Espagne
20%
Quelle nation a gagné le tournoi féminin en 2024 Espagne
20%
Quel pays a terminé 2e du tournoi masculin lors de JO qui s'y déroulent ? (avant 1908 un pays peut occuper plusieurs places) 1er Italie - 3e Equipe unifiée ex-Urss Espagne
20%
Quelles sont les nations ayant remporté le plus de médailles d'argent ? Hommes et Femmes cumulés 3 médailles Espagne | Hongrie | Italie | Croatie
20%
Quelle nation a gagné le tournoi masculin en 1904 Etats-Unis
20%
Quelle nation a gagné le tournoi féminin en 2012 Etats-Unis
20%
Quelle nation a gagné le tournoi féminin en 2016 Etats-Unis
20%
Quelle nation a gagné le tournoi féminin en 2020 Etats-Unis
20%
Quelles sont les nations ayant remporté le plus de médailles d'or ? Hommes et Femmes cumulés 16 médailles Etats-Unis
20%
Quelles sont les nations ayant remporté le plus de médailles d'argent ? Hommes et Femmes cumulés 6 médailles Etats-Unis
20%
Quelles sont les nations ayant remporté le plus de médailles de bronze ? Hommes et Femmes cumulés 6 médailles Etats-Unis
20%
Quel pays a remporté le tournoi masculin lors de JO qui s'y déroulent ? (avant 1908 un pays peut occuper plusieurs places) 2e Etats-Unis - 3e Etats-Unis Etats-Unis
20%
Quel pays a terminé 2e du tournoi masculin lors de JO qui s'y déroulent ? (avant 1908 un pays peut occuper deux places) 1er Etats-Unis - 3e Etats-Unis Etats-Unis
20%
Quel pays a terminé 2e du tournoi masculin lors de JO qui s'y déroulent ? (avant 1908 un pays peut occuper plusieurs places) 1er Yougoslavie - 3e Allemagne Etats-Unis
20%
Citez un pays n'ayant pas pris part au tournoi masculin des JO se déroulant chez lui Finlande
20%
Quelle nation a gagné le tournoi masculin en 1924 France
20%
Quel pays a remporté le tournoi masculin lors de JO qui s'y déroulent ? (avant 1908 un pays peut occuper plusieurs places) 2e Belgique - 3e Etats-Unis France
20%
Citez une nation ayant participé (...) au tournoi masculin 17 fois Grèce
20%
Citez une nation ayant participé (...) au tournoi féminin 3 fois Grèce
20%
Quel pays a terminé 2e du tournoi masculin lors de JO qui s'y déroulent ? (avant 1908 un pays peut occuper plusieurs places) 1er Italie - 3e Etats-Unis Grèce
20%
Citez une nation ayant participé (...) au tournoi féminin 6 fois Hongrie
20%
Quelle nation a gagné le tournoi masculin en 1932 Hongrie
20%
Quelle nation a gagné le tournoi masculin en 1936 Hongrie
20%
Quelle nation a gagné le tournoi masculin en 1952 Hongrie
20%
Quelle nation a gagné le tournoi masculin en 1956* Hongrie
20%
Quelle nation a gagné le tournoi masculin en 1964 Hongrie
20%
Quelle nation a gagné le tournoi masculin en 1976 Hongrie
20%
Quelle nation a gagné le tournoi masculin en 2000 Hongrie
20%
Quelle nation a gagné le tournoi masculin en 2004 Hongrie
20%
Quelle nation a gagné le tournoi masculin en 2008 Hongrie
20%
Quelles sont les nations ayant remporté le plus de médailles d'or ? Hommes et Femmes cumulés 17 médailles Hongrie
20%
Quelles sont les nations ayant remporté le plus de médailles de bronze ? Hommes et Femmes cumulés 5 médailles Hongrie
20%
Quelles nations ont obtenu au moins 15 médailles ? Hommes et Femmes cumulés Hongrie | Etats-Unis
20%
Quelle est la nationalité de ces sportifs ayant obtenu 3 médailles d'or Dezső Gyarmati Hongroise
20%
Quelle est la nationalité de ces sportifs ayant obtenu 3 médailles d'or György Kárpáti Hongroise
20%
Quelle est la nationalité de ces sportifs ayant obtenu 3 médailles d'or Tamás Kásás Hongroise
20%
Quelle est la nationalité de ces sportifs ayant obtenu 3 médailles d'or Péter Biros Hongroise
20%
Quelle est la nationalité de ces sportifs ayant obtenu 3 médailles d'or Tamás Molnár Hongroise
20%
Quelle est la nationalité de ces sportifs ayant obtenu 3 médailles d'or Gergely Kiss Hongroise
20%
Quelle est la nationalité de ces sportifs ayant obtenu 3 médailles d'or Tibor Benedek Hongroise
20%
Quelle est la nationalité de ces sportifs ayant obtenu 3 médailles d'or Zoltán Szécsi Hongroise
20%
Citez une nation ayant participé (...) au tournoi masculin 2 fois Irlande | Malte | Uruguay | Inde | Bulgarie
20%
Quelle nation a gagné le tournoi masculin en 1948 Italie
20%
Quelle nation a gagné le tournoi masculin en 1960* Italie
20%
Quelle nation a gagné le tournoi masculin en 1992 Italie
20%
Quelles sont les nations ayant remporté le plus de médailles d'or ? Hommes et Femmes cumulés 10 médailles Italie
20%
Quelles nations ont obtenu au moins 10 médailles ? Hommes et Femmes cumulés Italie
20%
Quel pays a remporté le tournoi masculin lors de JO qui s'y déroulent ? (avant 1908 un pays peut occuper plusieurs places) 2e URSS - 3e Hongrie Italie
20%
Quelles sont les nations ayant remporté le plus de médailles de bronze ? Hommes et Femmes cumulés 3 médailles Italie | URSS | Russie | France | Pays-Bas | Russie
20%
Citez une nation ayant participé (...) au tournoi masculin 1 fois Luxembourg | Japon | Islande | Slovaquie | Chili | Autriche | Portugal | Singapour | République Arabe Unie | Iran | Ukraine | Corée-du-Sud
20%
Quelle nation a gagné le tournoi féminin en 2008 Pays-Bas
20%
Quelle nation a gagné le tournoi masculin en 1900 Royaume-Uni
20%
Quelle nation a gagné le tournoi masculin en 1908 Royaume-Uni
20%
Quelle nation a gagné le tournoi masculin en 1912 Royaume-Uni
20%
Quelle nation a gagné le tournoi masculin en 1920 Royaume-Uni
20%
Quel pays a remporté le tournoi masculin lors de JO qui s'y déroulent ? (avant 1908 un pays peut occuper plusieurs places) 2e Belgique - 3e Suède Royaume-Uni
20%
Citez un pays n'ayant pas accédé aux quarts de finales dans le tournoi masculin des JO se déroulant chez lui Royaume-Uni | Australie | Japon | Mexique | Canada | Corée-du-Nord | Chine | Japon | France
20%
Citez une nation ayant participé (...) au tournoi féminin 1 fois Royaume-Uni | Brésil | Japon | Afrique-du-Sud | Chine | France
20%
Citez une nation ayant participé (...) au tournoi féminin 5 fois Russie | Italie
20%
Quelle nation a gagné le tournoi masculin en 2016 Serbie
20%
Quelle nation a gagné le tournoi masculin en 2020 Serbie
20%
Quelle nation a gagné le tournoi masculin en 2024 Serbie
20%
Quel pays a terminé 2e du tournoi masculin lors de JO qui s'y déroulent ? (avant 1908 un pays peut occuper plusieurs places) 1er Royaume-Uni - 3e Belgique Suède
20%
Citez une nation ayant participé (...) au tournoi masculin 8 fois Suède | Brésil | Croatie
20%
Citez une nation ayant participé (...) au tournoi masculin 5 fois Suisse | Tchécoslovaquie | Egypte | Cuba | Serbie | Monténégro
20%
Quelle nation a gagné le tournoi masculin en 1972 URSS
20%
Quelle nation a gagné le tournoi masculin en 1980* URSS
20%
Quel pays a remporté le tournoi masculin lors de JO qui s'y déroulent ? (avant 1908 un pays peut occuper plusieurs places) 2e Yougoslavie - 3e Hongrie URSS
20%
Citez une nation ayant participé (...) au tournoi masculin 9 fois URSS | Japon
20%
Quelle nation a gagné le tournoi masculin en 1968 Yougoslavie
20%
Quelle nation a gagné le tournoi masculin en 1984 Yougoslavie
20%
Quelle nation a gagné le tournoi masculin en 1988* Yougoslavie
20%
Quelles sont les nations ayant remporté le plus de médailles d'argent ? Hommes et Femmes cumulés 4 médailles Yougoslavie | Belgique
20%
Citez une nation ayant participé (...) au tournoi masculin 12 fois Yougoslavie | France
20%
Quelles nations ont obtenu au moins 5 médailles ? Hommes et Femmes cumulés Yougoslavie | Serbie | Espagne | URSS | Belgique
20%
Citez une nation ayant participé (...) au tournoi féminin 2 fois Kazakhstan
0%
Citez une nation ayant participé (...) au tournoi masculin 4 fois Kazakhstan | Mexique | Canada | Argentine
0%
Citez une nation ayant participé (...) au tournoi masculin 10 fois Roumanie
0%
Aucun quiz correspondant
Distribution des résultats
% des personnes avec chaque résultat
Percentile par nombre de réponses
Votre historique - résultats
Vous n’avez pas pris ce quiz depuis la dernière actualisation